MARC

LEADER 00000nam0a2200000 4500
001 371912
005 20231102012427.0
035 |a (RuTPU)RU\TPU\retro\29326 
090 |a 371912 
100 |a 20221125d1978 k y0rusy50 ca 
101 0 |a rus 
102 |a UA 
105 |a a z 001zy 
200 1 |a Электронное переключение в аморфных полупроводниках  |e монография  |f С. А. Костылев, В. А. Шкут  |g Академия наук Украинской ССР, Институт механики, Днепропетровский филиал 
210 |a Киев  |c Наукова думка  |d 1978 
215 |a 204 с.  |c ил. 
320 |a Библиогр.: с. 183-201 
606 1 |a Полупроводники аморфные  |2 stltpush  |3 (RuTPU)RU\TPU\subj\50646  |9 69298 
610 1 |a физико-химические свойства 
610 1 |a зонная структура 
610 1 |a носители заряда 
610 1 |a перенос 
610 1 |a отрицательное дифференциальное сопротивление 
610 1 |a электрические неустойчивости 
610 1 |a образцы 
610 1 |a геометрические размеры 
610 1 |a микроэлектронные приборы 
610 1 |a создание 
610 1 |a монографии 
675 |a 537.311.322:539  |v 4 
700 1 |a Костылев  |b С. А.  |g Сергей Александрович 
701 1 |a Шкут  |b В. А.  |g Валерий Андреевич 
712 0 2 |a Академия наук Украинской ССР  |b Институт механики  |b Днепропетровский филиал  |2 stltpush  |3 (RuTPU)RU\TPU\col\11934  |9 25310 
801 1 |a RU  |b 63413507  |c 20221125 
942 |c BK